Ecrivains par image n°1 - Statistiques

Statistiques générales
  • Ce quiz a été pris 165 fois
  • Le résultat moyen est 7 sur 15
Statistiques - réponses
Par images Réponse % Correct
Charles Baudelaire
85%
Georges Sand
82%
Voltaire
82%
Jules Verne
66%
Gustave Flaubert
62%
Marguerite Yourcenar
61%
Louis Ferdinand Celine
45%
Michel Houellebecq
44%
Fiodor Dostoïevski
39%
Alphonse Daudet
22%
J.R.R Tolkien
20%
Harlan Coben
15%
Mary Higgins Clark
14%
Prosper Mérimée
11%
Italo Calvino
6%
Aucun quiz correspondant
Distribution des résultats
% des personnes avec chaque résultat
Percentile par nombre de réponses
Votre historique - résultats
Vous n’avez pas pris ce quiz